1960 1589 1880 1430 1823 1121 1778 1777 1333 1615 1811 1653 1299 1033 1647 1491 1196 1249 1271 1767 1050 1733 1852 1459 1179 1960 1398 1571 1883 1411 1096 1136 1982 1369 1064 1347 1024 1945 1589 1059 1478 1757 1631 1574 1934 1043 1888 1323 1565 1122 1828 1746 1550 1728 1093 1906 1807 1448 1991 1952 1006 1955 1174 1763 1970 1370 1355 1651 1806 1042 1166 1471 1610 1411 1941 1526 1358 1842 1758 1273 1490 1526 1759 1749 1555 1464 1739 1694 1855 1950 1468 1743 1957 1359 1189 1442 1275 1525 1144 BCNSPRNW ULIB Ver.6.0+V

เปลี่ยนเป็นภาษาไทย

Change to English
 แสดงรายละเอียดบรรณานุกรม
  กลับหน้าหลัก

Brief Record : Get Marc (ISO 2709) : E-mail record : QR code < ปิดหน้าต่าง
LEADER : 00000nam 2200000uu 4500
001    13399124801
003     ULIB
008    160324s2016||||th 000 0 eng d
020    9781455772582
060 04 ^aWY150^bL132c V.2
100 1  ^aLaCharity, Linda A
245 10 ^aMedical-surgical nursing :^bpatient-centered collaborative care Vol.2/^cprepared by Linda A. LaCharity, Candice K. Kumagai.
246 14 ^aMedical-surgical nursing : patient-centered collaborative care
250    ^a8th ed.
260    ^aSt. Louis, Mo. :^bElsevier,^c2016.
300    ^a1110 pages ;^c28 cm.
650  0 ^aSurgical nursing^xStudy and teaching.
650  0 ^aPatient-centered health care^xStudy and teaching.
700 1  ^aKumagai, Candice K.
700 1  ^aIgnatavicius, Donna D.
700 1  ^aWorkman, M. Linda.
945    ^p3810^l0^i000350
999    ^aเกษร โพธิ์สุวรรณ
รายการนี้ยังไม่มีแท็ก
คุณยังไม่ได้ล็อกอิน คุณสามารถมีกิจกรรมร่วมกับเว็บไซต์ได้ แต่ต้องล็อกอินก่อน ::
  ล็อกอิน

รายการสื่อสารสนเทศ

ลำดับที่ ประเภท เลขเรียก/บาร์โค้ด สถานที่ สถานะ
1. Book การพยาบาล
Book การพยาบาล
WY150 L132c V.2 ฉ.1 
  Barcode: 000350
ห้องสมุดวิทยาเขตสวรรค์ประชารักษ์
►หนังสือทั่วไป
บนชั้น

รายการใกล้เคียง
    ผู้แต่ง [LaCharity, Linda A]

BibComment


ยังไม่เคยถูกคอมเมนท์

คอมเมนท์ทรัพยากรรายการนี้
  คอมเมนท์: Medicalsurgical ..


 Copyright 2026. Bcnsprnw @Library